| 000 | 01197nam a2200313 4500 | ||
|---|---|---|---|
| 001 | 0000018913 | ||
| 003 | CO-CtgCURN | ||
| 005 | 20250502224231.0 | ||
| 007 | ta | ||
| 008 | 160627s2001 000 0 eng d | ||
| 020 | _a844813222X | ||
| 040 |
_aCO-CtgCURN _bspa _ccoctgcurn |
||
| 082 | 0 |
_a004.692 _bG15m |
|
| 100 | 1 | _aGallud Lazaro, Pedro Luis. | |
| 245 | 1 | 0 |
_aMicrosoft outlook 2002 : _biniciacion y referencia / _cPedro Luis Gallud Lazaro, José Antonio Gallud Lazaro, José Ignacio Sánchez García. |
| 260 |
_amadrid : _bMcGraw Hill Interamericana, _c2001. |
||
| 300 | _axv, 282 p. | ||
| 336 | _2rdacontent | ||
| 337 |
_2rdamedia _asin mediacion _bn |
||
| 338 |
_2rdacarrier _avolumen _bnc |
||
| 490 | 1 | _aIniciacion y referencia | |
| 500 | _aIncluye indice. | ||
| 505 | 8 | _aUn paso mas: Outlook 2002.--Inicio y configuracion de Outlook 2002.--Configurar Outlokk para trabajar sin conexion a Internet.--planificar reuniones con ayuda de Outlook.-tareas y notas | |
| 650 | 1 | 4 | _aCorreo electronico. |
| 700 | 1 | _aGallud Lazaro José Antonio. | |
| 908 | _a160627 | ||
| 942 |
_cBK _h004.692 _iG15m _2ddc _n0 |
||
| 999 |
_c8964 _d8964 |
||